| 000 | 00473nam a22001817a 4500 | ||
|---|---|---|---|
| 003 | MPLRDC | ||
| 005 | 20220104185615.0 | ||
| 008 | 210129b ||||| |||| 00| 0 eng d | ||
| 020 | _a962-07-4442-6 | ||
| 082 | _a192.8 LYT | ||
| 100 | _a李永田编著 | ||
| 245 |
_a中国经典名言大全 _c |
||
| 250 | _a一版二刷 | ||
| 260 |
_a香港 _b商务印书馆(香港)有限公司 _c2010 |
||
| 300 | _b平 | ||
| 650 | _a格言; 箴言; 金言 | ||
| 942 |
_cNB _o192.8 LYT |
||
| 999 |
_c63404 _d63394 |
||